000 00469nam a2200193 a 4500
001 1772189678769
003 YourLibrary
005 20260227162634.0
008 260227s2007##################000#0#eng##
020 _a9788189884482
082 0 4 _a324.254792
_bATR
100 1 _aSen,
_eauthor.
245 1 0 _aShiv Sena Women :
260 _c2007.
300 _a220 pages
650 0 _aPolitical violence.
942 _cENGLISH
040 _aYourLibrary
_beng
_cYourLibrary
999 _c616011
_d616011